Miasta, które gościły mecze mistrzostw świata w piłce nożnej - Statystyki

Ogólne statystyki
  • Ten quiz został rozwiązany 28 razy
  • Średni wynik to 75 z 188
Statystyki odpowiedzi
Rok rozgrywania
mundialu
Miasto % Poprawnych
1970, 1986 Meksyk
95%
1974, 2006 Berlin
91%
1974, 2006 Monachium
91%
2018 Moskwa
91%
2018 Petersburg
91%
1934, 1990 Rzym
91%
1982, 2030 Barcelona
86%
1974, 2006 Dortmund
86%
1974, 2006 Frankfurt nad Menem
86%
1974, 2006 Hamburg
86%
2026 Los Angeles
86%
1982, 2030 Madryt
86%
1934, 1990 Mediolan
86%
1934, 1990 Neapol
86%
1950, 2014 Rio de Janeiro
86%
2014 Brasília
82%
1978, 2030 Buenos Aires
82%
1994 Chicago
82%
1966 Liverpool
82%
1966 Londyn
82%
1966 Manchester
82%
1938, 1998 Marsylia
82%
1938, 1998 Paryż
82%
2002 Seul
82%
1982, 2030 Sewilla
82%
1958 Sztokholm
82%
1934, 1990 Turyn
82%
2010 Kapsztad
77%
2030 Lizbona
77%
1938*, 1998 Lyon
77%
1958 Malmö
77%
1930, 2030 Montevideo
77%
2030 Porto
77%
1934, 1990 Florencja
73%
2010 Johannesburg
73%
2006 Kolonia
73%
2026 Miami
73%
1990 Palermo
73%
2022 Doha
68%
2010 Pretoria
68%
1974, 2006 Stuttgart
68%
1982 Walencja
68%
1982, 2030 Bilbao
64%
1966 Birmingham
64%
1938, 1998 Bordeaux
64%
1974 Düsseldorf
64%
1974, 2006 Gelsenkirchen
64%
1934, 1990 Genua
64%
1958 Göteborg
64%
1974, 2006 Hanower
64%
2006 Lipsk
64%
2026 Santa Clara
64%
1950, 2014 São Paulo
64%
2026 Toronto
64%
1994, 2026 Dallas
59%
2018 Kazań
59%
1998 Nantes
59%
2018 Soczi
59%
1934, 1990 Bolonia
55%
2026 Boston
55%
1982, 2030 Malaga
55%
2018 Niżny Nowogród
55%
1962 Santiago
55%
2026 Seattle
55%
1994 Waszyngton
55%
1990 Bari
50%
1954 Berno
50%
1954 Genewa
50%
1938 Lille
50%
1986 Monterrey
50%
2002 Osaka
50%
2018 Rostów nad Donem
50%
2026 Vancouver
50%
1990 Werona
50%
1954 Zurych
50%
2026 Atlanta
45%
1950, 2014 Belo Horizonte
45%
1970, 1986 Guadalajara
45%
2026 Houston
45%
2018 Jekaterynburg
45%
2006 Norymberga
45%
1938 Strasburg
45%
1938, 1998 Tuluza
45%
1982 Vigo
45%
2018 Wołgograd
45%
2030 Casablanca
41%
2018 Królewiec
41%
1950, 2014 Kurytyba
41%
1982, 2030 La Coruña
41%
1998 Lens
41%
1998 Montpellier
41%
2030 Rabat
41%
1990 Udine
41%
1954 Bazylea
36%
2026 Filadelfia
36%
2002 Jokohama
36%
1978 Rosario
36%
2018 Samara
36%
2030 San Sebastián
36%
2002 Sapporo
36%
1982, 2030 Saragossa
36%
2014 Manaus
32%
2030 Marakesz
32%
1994 Orlando
32%
1998 Saint-Étienne
32%
2014 Salvador
32%
1966 Sheffield
32%
1978 Córdoba
27%
2010 Durban
27%
1950, 2014 Porto Alegre
27%
1938 Reims
27%
1982 Alicante
23%
2010 Bloemfontein
23%
1990 Cagliari
23%
1982 Gijon
23%
2026 Kansas City
23%
2002 Pusan
23%
1998 Saint-Denis
23%
2018 Sarańsk
23%
2030 Agadir
18%
1954 Lozanna
18%
1982 Oviedo
18%
2010 Port Elizabeth
18%
1950, 2014 Recife
18%
1966 Sunderland
18%
2030 Tanger
18%
2002 Ulsan
18%
1982 Valladolid
18%
2022 Al-Chaur
14%
1962 Arica
14%
2022 Ar-Rajjan
14%
2030 Asunción
14%
2014 Cuiabá
14%
1994, 2026 East Rutherford
14%
2030 Fez
14%
2014 Fortaleza
14%
2002 Kobe
14%
1954 Lugano
14%
2014 Natal
14%
1994 Pasadena
14%
1934 Triest
14%
2022 Al-Wakra
9%
2002 Daegu
9%
1994 Foxborough
9%
1970, 1986 León
9%
2022 Lusajl
9%
1978 Mendoza
9%
2002 Niigata
9%
1958 Norrköping
9%
1970, 1986 Puebla
9%
1962 Viña del Mar
9%
1938 Antibes
5%
1958 Borås
5%
2002 Chŏnju
5%
1982 Elche
5%
1958 Eskiltuna
5%
1958 Halmstad
5%
1938 Hawr
5%
1958 Helsingborg
5%
2002 Ibaraki
5%
2002 Inczon
5%
1986 Irapuato
5%
2006 Kaiserslautern
5%
2002 Kwangju
5%
2030 Las Palmas de Gran Canaria
5%
1978 Mar del Plata
5%
1966 Middlesbrough
5%
2010 Nelspruit
5%
1986 Nezahualcóyotl
5%
2002 Ōita
5%
1958 Örebro
5%
2010 Polokwane
5%
1994 Pontiac
5%
1986 Queretaro
5%
2002 Rifu
5%
2010 Rustenburg
5%
2002 Saitama
5%
1958 Sandviken
5%
2002 Seogwipo
5%
2002 Shizuoka
5%
1994 Stanford
5%
2002 Suwŏn
5%
2002 Taejŏn
5%
1970, 1986 Toluca
5%
1958 Uddevalla
5%
1958 Västerås
5%
1962 Racagua
0%
Nie znaleziono quizów pasujących do podanych kryteriów
Rozkład punktacji
Procent ludzi z każdym wynikiem
Percentyl według liczby udzielonych odpowiedzi
Twoja historia wyników
Nie rozwiązałeś tego quizu